| 000 | 00417nam a2200121Ia 4500 | ||
|---|---|---|---|
| 008 | 220620s9999||||xx |||||||||||||| ||und|| | ||
| 100 | _aEuropean Investment Bank | ||
| 245 | 0 | _aEU-Africa Infrastructure Trust Fund Annual Report 2019 | |
| 546 | _aEnglish[eng] | ||
| 650 | _aBusiness & Economics||Finance||General | ||
| 856 | _uhttps://library.oapen.org/bitstream/20.500.12657/43444/1/external_content.pdf | ||
| 942 | _cEB | ||
| 999 |
_c25912 _d25912 |
||